New approaches to managing scarce water resources in agriculture (Record no. 63748)

MARC details
000 -LEADER
fixed length control field 00552nam a2200145Ia 4500
100 ## - MAIN ENTRY--AUTHOR NAME
Personal name Oweis T
245 #0 - TITLE STATEMENT
Title New approaches to managing scarce water resources in agriculture
260 ## - PUBLICATION, DISTRIBUTION, ETC. (IMPRINT)
Name of publisher Food and Environment : 2nd International Agronomy Congress on Balancing Food and Environmental Security- A continuing Challenge : Extended Summaries. V.2, New Delhi, November 26-30, 2002
650 ## - SUBJECT ADDED ENTRY--TOPICAL TERM
Topical Term Resource management
650 ## - SUBJECT ADDED ENTRY--TOPICAL TERM
Topical Term Water resources
700 ## - ADDED ENTRY--PERSONAL NAME
Personal name Hachum A
856 ## - ELECTRONIC LOCATION AND ACCESS
Uniform Resource Identifier Reprint
942 ## - ADDED ENTRY ELEMENTS (KOHA)
Koha item type Journals
Holdings
Withdrawn status Lost status Damaged status Not for loan Home library Current library Shelving location Date acquired Koha item type
      Journals RRII Library RRII Library Rubber general 25/03/2003 Journals